000 01555nam a22004097a 4500
001 000095901
003 CHAP
005 20220329143128.0
008 060608d2006 mx r 00110 spa d
010 _a92367
011 _a93339
035 _a103911
040 _cCHAP
090 _aTesis
100 1 _aHernández Ayala, Ma. Angélica.
_953827
245 1 0 _aImpacto del programa de certificación de derechos ejidales y titulación de solares urbanos (PROCEDE) en Pénjamo, Gto. /
_c/por Ma. Angélica Hernández Ayala.
260 _aChapingo, Méx. :
_bEl autor,
_c2006.
300 _a102 h.
502 _aTesis (Ing. Agr. Esp. en Fitotecnia) -- UACH. Departamento de Fitotecnia
590 _aALEPH
_b10
_c20130110
_lUCH01
_h1512
590 _aBATCH-UPD
_b10
_c20130110
_lUCH01
_h0641
590 _aBATCH-UPD
_b10
_c20130410
_lUCH01
_h0325
590 _aBATCH-UPD
_b10
_c20130914
_lUCH01
_h1609
590 _aBATCH-UPD
_b10
_c20140324
_lUCH01
_h1457
590 _aBATCH-UPD
_b10
_c20141002
_lUCH01
_h0830
590 _aCONVERSION
_b10
_c20130109
_lUCH01
_h1351
590 _aE5765TAJ
_b10
_c20130605
_lUCH01
_h1238
650 1 4 _aReforma agraria
_xLeyes
_zGuanajuato.
_995568
650 1 4 _aTierras
_xTenencia
_xGuanajuato.
_9113167
856 _3Finding aid
_uhttp://10.13.5.2/tesis/103911.pdf
_zTeclea aquí
901 _aBK
905 _aAlejandra Carrasco M.
942 _cCD
942 _n0
949 _aTesis
_bBC
_cTES
_d00000001039111
_eTS1
_gDonaciØn
_h45367
_i103911
_sb
949 _aTesis
_bBC
_cTES
_d33724000991980
_eTS2
_fc.2
_gDonaciØn
_h45368
_i103911
_sb
999 _c92367
_d92367